Sports Quiz

Random Sports or NCAA Quiz

NCAA Final Four Teams (2000s) Quiz Stats

 Plays Quiz Updated Mar 2, 2015

Score 0/40 Timer 06:00
0 Plays Today
Year School % Correct
2001Duke
97.6%
2004Duke
97.6%
2000North Carolina
96.2%
2005North Carolina
96.2%
2008North Carolina
96.2%
2009North Carolina
96.2%
2002Kansas
91.9%
2003Kansas
91.9%
2008Kansas
91.9%
2000Florida
91.6%
2006Florida
91.6%
2007Florida
91.6%
2000Michigan State
91.2%
2001Michigan State
91.2%
2005Michigan State
91.2%
2009Michigan State
91.2%
2006UCLA
88.6%
2007UCLA
88.6%
2008UCLA
88.6%
2003Syracuse
84.4%
Year School % Correct
2004Connecticut
84.3%
2009Connecticut
84.3%
2007Ohio State
83.1%
2003Texas
81.8%
2001Arizona
77.2%
2002Indiana
76.2%
2002Oklahoma
72.7%
2001Maryland
72%
2002Maryland
72%
2005Illinois
71.1%
2008Memphis
70.3%
2005Louisville
70.1%
2000Wisconsin
67.3%
2009Villanova
64.9%
2007Georgetown
64%
2006LSU
59.7%
2006George Mason
59.3%
2004Georgia Tech
57.8%
2004Oklahoma State
52.8%
2003Marquette
43.3%

You're not logged in!

Compare scores with friends on all Sporcle quizzes.
OR
Log In

Sporcle TV

Today on Sporcle TV


Watch our educational content, quiz creation guides, and fun videos on Sporcle TV.

Show Comments

Extras

Top Quizzes Today


Score Distribution

Your Account Isn't Verified!

In order to create a playlist on Sporcle, you need to verify the email address you used during registration. Go to your Sporcle Settings to finish the process.

Report this User

Report this user for behavior that violates our Community Guidelines.

Details: